000 00782nam a22002177a 4500
005 20100820153526.0
010 _aENG-101055
020 _c150.00
_a8190791346
020 _c150.00
_a9788190791342
035 _aEN-84588
037 _bDBAD/PUB
082 _a373.19
100 _aChellam. C
_916640
245 _aCurriculum construction and development /
_cby Chellam. C
260 _aChinnalapatti
_bMohana Balan Publishers
_c2009
270 _a18.10-1,North St,
_bChinnalapatti
_e624301
300 _a129p.
_c20cm (pbk)
500 _aincludes bibliographical references and index
942 _2ddc
_cEN
_h373.19
_mCHE
999 _c42761
_d42761